000 00997cam a22003133a 4500
001 16392571
003 OSt
005 20140310182018.0
008 980529s1990 xxu 000 1 eng
010 _a 98814005
020 _a0590431900
035 _a(DLC) 98814005
040 _aDLC
_cDLC
_dDLC
050 _aPZ 7
_b.Sa257 1990
082 _aKF
_bSa8sf 1990
100 1 _aSaunders, Susan.
_96785
245 1 0 _aSleepover friends :
_cSusan Saunders.
_bwhere is Patti? /
260 _aNew York :
_bApple Paperback,
_cc1990.
300 _a83 p.
_c20 cm.
490 0 _aSleepover friends ;
_vno. 27
541 _j1
562 _efor circulation. 1 copy available in the collection
655 7 _aYoung adult fiction.
_2lcsh
_93735
655 7 _aAdventure fiction.
_2gsafd
_93061
655 7 _aMystery fiction.
_2gsafd
_94089
710 2 _aCopyright Paperback Collection (Library of Congress)
_5DLC
_9705
906 _a7
_bcbc
_corignew
_d2
_encip
_f19
_gy-genrareb
942 _2lcc
_cBK-KF
_kKF
999 _c8284
_d8284